Puti povysenija effektivnosti narodnogo chozjajstva (Record no. 325)

MARC details
000 -LEADER
fixed length control field 00484nam a22001937i 4500
001 - CONTROL NUMBER
control field 329
003 - CONTROL NUMBER IDENTIFIER
control field OSt
005 - DATE AND TIME OF LATEST TRANSACTION
control field 20170126082242.0
007 - PHYSICAL DESCRIPTION FIXED FIELD--GENERAL INFORMATION
fixed length control field tu
008 - FIXED-LENGTH DATA ELEMENTS--GENERAL INFORMATION
fixed length control field 161220s1987 xxu||||| |||| 00| 0 d
024 7# - OTHER STANDARD IDENTIFIER
Standard number or code 328
Source of number or code RID
040 ## - CATALOGING SOURCE
Transcribing agency OSt
084 ## - OTHER CLASSIFICATION NUMBER
Classification number 3.21
Number source z
100 1# - MAIN ENTRY--PERSONAL NAME
Personal name Aganbegjan, A.G.
Relator term Ed.
242 00 - TRANSLATION OF TITLE BY CATALOGING AGENCY
Title Wege der Effizienzerhöhung der Volkswirtschaft
245 00 - TITLE STATEMENT
Title Puti povysenija effektivnosti narodnogo chozjajstva
260 ## - PUBLICATION, DISTRIBUTION, ETC.
Place of publication, distribution, etc. Moskva :
Name of publisher, distributor, etc. Nauka,
Date of publication, distribution, etc. 1987.
300 ## - PHYSICAL DESCRIPTION
Extent 320 S. ;
Dimensions 21cm.
942 ## - ADDED ENTRY ELEMENTS (KOHA)
Koha item type Book
Holdings
Withdrawn status Lost status Damaged status Not for loan Home library Current library Shelving location Date acquired Inventory number Total Checkouts Full call number Barcode Date last seen Price effective from Koha item type
        WIIW WIIW Souterrain 06/16/1992 329   I-4.957 300327 01/26/2017 01/26/2017 Book
The Vienna Instiute for International Economic Studies (wiiw)